书目信息 |
| 题名: |
微生物学检验技术
|
|
| 作者: | 路曙梅 主编 | |
| 分册: | ||
| 出版信息: | 郑州 郑州大学出版社 2013 |
|
| 页数: | 304 | |
| 开本: | 26cm | |
| 丛书名: | ||
| 单 册: | ||
| 中图分类: | R446.5 | |
| 科图分类: | ||
| 主题词: | 诊断学 | |
| 电子资源: | ||
| ISBN: | 7-5645-1357-3 | |
| 000 | 00556nam0 2200181 450 | |
| 001 | 1735846483 | |
| 005 | 20170410095726.48 | |
| 010 | @a7-5645-1357-3@d¥39.00 | |
| 100 | @a20170410d km y0chiy0120 ea | |
| 101 | 0 | @achi |
| 200 | 1 | @a微生物学检验技术@Awei sheng wu xue jian yan ji shu@f路曙梅主编@Flu shu mei zhu bian |
| 210 | @a郑州@c郑州大学出版社@d2013 | |
| 215 | @a304@c彩图@d26cm | |
| 606 | 0 | @a诊断学 |
| 690 | @aR446.5@v4 | |
| 701 | 0 | @a路曙梅@Alu shu mei@4主编 |
| 801 | 0 | @aCN@b大连网信软件有限公司图书馆·11@c20170410 |
| 905 | @b6603919@dR446.5@en6@f1 | |
| 微生物学检验技术/路曙梅主编.-郑州:郑州大学出版社,2013 |
| 304:彩图;26cm |
| ISBN 7-5645-1357-3:¥39.00 |
| ● |
| 相关链接 |
|
|
|
|
正题名:微生物学检验技术
索取号:R446.5/n6
 
预约/预借
| 序号 | 登录号 | 条形码 | 馆藏地/架位号 | 状态 | 备注 |
| 1 | 6603919 | 266039191 | 密集书库-生命科学系/ [索取号:R446.5/n6] | 在馆 |